000 01094cam a22002174a 4500
005 20250605164009.0
008 250528s ||||||||||||||||||||||||d
035 _a15904
020 _a672322064
040 _aGR-AtMCL
_bgre
_dGR-AtMCL
_eAACR2
245 1 _aFree BSD / Unleashed
260 _c2002
300 _a996
520 _aIntroduction, Introduction to FreeBSD, What is FreeBSD, Installing FreeBSD, Adnvanced Installation Issues, Using FreeBSD, Your First Session with FreeBSD, Working with the Gnome Desktop Environment, Working with Applications, Working with the Shell, Administrating FreeBSD, The FreeBSD Filesystem, System Configuration and Startup Scripts, Customizing the Shell, Shell Programming, Installing Additional Software, Printing, Kernel Configuration, Keeping Up to Date with FreeBSD, Understanding Hard Disks and Filesystems, FreeBSD Survival Guide, FreeBSD Networking, X-Windows, Appendixes, Index.
700 1 _aSams Net
_91544
700 1 _aTiemann Brian
_91935
700 1 _aUrban C. Michael
_91936
942 _cBK
999 _c1452
_d1452